<?xml version="1.0" encoding="UTF-8"?>
<record
    xmlns:xsi="http://www.w3.org/2001/XMLSchema-instance"
    xsi:schemaLocation="http://www.loc.gov/MARC21/slim http://www.loc.gov/standards/marcxml/schema/MARC21slim.xsd"
    xmlns="http://www.loc.gov/MARC21/slim">

  <leader>03063cam a2200313 a 4500</leader>
  <controlfield tag="001">16897541</controlfield>
  <controlfield tag="003">Nust- CAS-E</controlfield>
  <controlfield tag="005">20180118181400.0</controlfield>
  <controlfield tag="008">110730s2012    ne ab    b    001 0 eng  </controlfield>
  <datafield tag="010" ind1=" " ind2=" ">
    <subfield code="a">  2011027601</subfield>
  </datafield>
  <datafield tag="020" ind1=" " ind2=" ">
    <subfield code="a">9780123864529 </subfield>
  </datafield>
  <datafield tag="040" ind1=" " ind2=" ">
    <subfield code="a">DLC</subfield>
    <subfield code="c">DLC</subfield>
    <subfield code="d">DLC</subfield>
  </datafield>
  <datafield tag="042" ind1=" " ind2=" ">
    <subfield code="a">pcc</subfield>
  </datafield>
  <datafield tag="050" ind1="0" ind2="0">
    <subfield code="a">TK3105</subfield>
    <subfield code="b">.S53 2012</subfield>
  </datafield>
  <datafield tag="082" ind1="0" ind2="0">
    <subfield code="a">621.319</subfield>
    <subfield code="2">23</subfield>
    <subfield code="b">SMA 2012</subfield>
  </datafield>
  <datafield tag="245" ind1="0" ind2="0">
    <subfield code="a">Smart grid :</subfield>
    <subfield code="b">integrating renewable, distributed &amp; efficient energy /</subfield>
    <subfield code="c">edited by Fereidoon P. Sioshansi.</subfield>
  </datafield>
  <datafield tag="260" ind1=" " ind2=" ">
    <subfield code="a">Amsterdam ;</subfield>
    <subfield code="a">Boston :</subfield>
    <subfield code="b">Elsevier/Academic Press,</subfield>
    <subfield code="c">2012 .</subfield>
  </datafield>
  <datafield tag="300" ind1=" " ind2=" ">
    <subfield code="a">lvi, 510 p. :</subfield>
    <subfield code="b">ill., maps ;</subfield>
    <subfield code="c">24 cm.</subfield>
  </datafield>
  <datafield tag="504" ind1=" " ind2=" ">
    <subfield code="a">Includes bibliographical references and index.</subfield>
  </datafield>
  <datafield tag="505" ind1="8" ind2=" ">
    <subfield code="a">Machine generated contents note: Foreword: How smart a grid? Preface: Making the smart grid happen Introduction Part I: Setting the context: The what, why, how, if and when of smart grid Chapter 1: Smart grid is a lot more than just technology Chapter 2: Smart regulation for the smart grid Chapter 3: From smart grid to smart energy usage: Reengaging customer demand Chapter 4: Efficiency and ethics of dynamic pricing Chapter 5: The equity implications of smart grid Part II: Smart supply: Integrating renewable &amp; distributed generation Chapter 6: Prospects for renewable energy: meeting the challenges of integration with storage Chapter 7: The smart grid vision and roadmap for California Chapter 8: Realizing the potential of distributed generation Chapter 9: What role for micro-grids? Chapter 10: Renewable integration through direct load control and demand response Chapter 11: Riding the wave: The potential of the smart grid for integrating wind resources Part III: Smart infrastructure, smart prices, smart devices, smart customers, smart demand Chapter 12: Software infrastructure and the smart grid Chapter 13: The evolution of demand response in RTO markets Chapter 14: Smart pricing in organized electricity markets Chapter 15: How large C&amp;I customers respond to dynamic prices - the California experience Chapter 16: Smart pricing to reduce network investment in smart grids - the international experience Chapter 17: Where do customers fit into the smart grid puzzle? Chapter 18: Customer view of smart grid - Set and forget? Chapter 19: Customer side of the meter Part VI: Case studies &amp; applications Chapter 20: Demand response participation in PJMs energy and capacity markets Chapter 21: Ausgrids smart grid vision Chapter 22: Perfect partners: Wind power and Electric Vehicles - A New Zealand case study Chapter 23: Impact of EVs on day-ahead prices: The French connection Epilogue: How do we get there from here?</subfield>
  </datafield>
  <datafield tag="650" ind1=" " ind2="0">
    <subfield code="a">Smart power grids.</subfield>
  </datafield>
  <datafield tag="650" ind1=" " ind2="0">
    <subfield code="a">Electric power distribution</subfield>
    <subfield code="x">Energy conservation.</subfield>
  </datafield>
  <datafield tag="650" ind1=" " ind2="0">
    <subfield code="a">Electric utilities</subfield>
    <subfield code="x">Cost effectiveness.</subfield>
  </datafield>
  <datafield tag="650" ind1=" " ind2="0">
    <subfield code="a">Renewable energy sources.</subfield>
  </datafield>
  <datafield tag="700" ind1="1" ind2=" ">
    <subfield code="a">Sioshansi, Fereidoon P.</subfield>
    <subfield code="q">(Fereidoon Perry)</subfield>
  </datafield>
  <datafield tag="906" ind1=" " ind2=" ">
    <subfield code="a">7</subfield>
    <subfield code="b">cbc</subfield>
    <subfield code="c">orignew</subfield>
    <subfield code="d">1</subfield>
    <subfield code="e">ecip</subfield>
    <subfield code="f">20</subfield>
    <subfield code="g">y-gencatlg</subfield>
  </datafield>
  <datafield tag="942" ind1=" " ind2=" ">
    <subfield code="2">ddc</subfield>
    <subfield code="c">BK</subfield>
  </datafield>
  <datafield tag="999" ind1=" " ind2=" ">
    <subfield code="c">355377</subfield>
    <subfield code="d">355377</subfield>
  </datafield>
  <datafield tag="952" ind1=" " ind2=" ">
    <subfield code="0">0</subfield>
    <subfield code="1">0</subfield>
    <subfield code="2">ddc </subfield>
    <subfield code="4">0</subfield>
    <subfield code="7">0</subfield>
    <subfield code="8">NFIC</subfield>
    <subfield code="a">CAS-E</subfield>
    <subfield code="b">CAS-E</subfield>
    <subfield code="c">GEN</subfield>
    <subfield code="d">2013-04-22</subfield>
    <subfield code="e">Victoria co</subfield>
    <subfield code="l">0</subfield>
    <subfield code="o">621.319 SMA 2012</subfield>
    <subfield code="p">CAS-E0000269</subfield>
    <subfield code="r">2014-05-26</subfield>
    <subfield code="v">10236.00</subfield>
    <subfield code="w">2014-05-26</subfield>
    <subfield code="y">BK</subfield>
  </datafield>
</record>
